书目信息 |
| 题名: |
数字图像与机器视觉
|
|
| 作者: | 杨卫民 , 魏彬 , 于洪杰 主编 | |
| 分册: | ||
| 出版信息: | 北京 化学工业出版社 2024.09 |
|
| 页数: | 212页 | |
| 开本: | 26cm | |
| 丛书名: | ||
| 单 册: | ||
| 中图分类: | TN911.73 , TP302.7 | |
| 科图分类: | ||
| 主题词: | 数字图象处理--shu zi tu xiang chu li--高等教育--教材 , 计算机视觉--ji suan ji shi jue--高等教育--教材 | |
| 电子资源: | ||
| ISBN: | 978-7-122-44774-6 | |
| 000 | 01298nam0 2200313 450 | |
| 001 | 95378 | |
| 005 | 20250902094852.06 | |
| 010 | @a978-7-122-44774-6@dCNY49.80 | |
| 100 | @a20240906d2024 em y0chiy50 ea | |
| 101 | 0 | @achi |
| 102 | @aCN@b110000 | |
| 105 | @aak a 000yy | |
| 106 | @ar | |
| 200 | 1 | @a数字图像与机器视觉@Ashu zi tu xiang yu ji qi shi jue@d= Digital image and machine vision@f杨卫民, 魏彬, 于洪杰主编@zeng |
| 210 | @a北京@c化学工业出版社@d2024.09 | |
| 215 | @a212页@c图@d26cm | |
| 320 | @a有书目 (第211-212页) | |
| 330 | @a本书介绍了数字图像处理与机器视觉的基本概念、原理及实现方法, 强调数字图像处理理论与现代应用的紧密结合。教材分为8章, 每章节都贯穿由理论到实际应用的主线, 同时介绍了现阶段最新的图像机器学习及深度学习理论, 并在Python环境下给出了实现方案。 | |
| 333 | @a石油和化工行业“十四五”规划教材 普通高等教育一流本科专业建设成果教材 | |
| 510 | 1 | @aDigital image and machine vision@zeng |
| 606 | 0 | @a数字图象处理@Ashu zi tu xiang chu li@x高等教育@j教材 |
| 606 | 0 | @a计算机视觉@Aji suan ji shi jue@x高等教育@j教材 |
| 690 | @aTN911.73@v5 | |
| 690 | @aTP302.7@v5 | |
| 701 | 0 | @a杨卫民@Ayang wei min@4主编 |
| 701 | 0 | @a魏彬@Awei bin@4主编 |
| 701 | 0 | @a于洪杰@Ayu hong jie@4主编 |
| 801 | 0 | @aCN@c20250909 |
| 905 | @a河南城建学院图书馆@dTN911.73@eY294@f1 | |
| 数字图像与机器视觉= Digital image and machine vision/杨卫民, 魏彬, 于洪杰主编.-北京:化学工业出版社,2024.09 |
| 212页:图;26cm |
| 使用对象:石油和化工行业“十四五”规划教材 普通高等教育一流本科专业建设成果教材 |
| ISBN 978-7-122-44774-6:CNY49.80 |
| 本书介绍了数字图像处理与机器视觉的基本概念、原理及实现方法, 强调数字图像处理理论与现代应用的紧密结合。教材分为8章, 每章节都贯穿由理论到实际应用的主线, 同时介绍了现阶段最新的图像机器学习及深度学习理论, 并在Python环境下给出了实现方案。 |
| ● |
| 相关链接 |
|
|
|
正题名:数字图像与机器视觉
索取号:TN911.73/Y294
 
预约/预借
| 序号 | 登录号 | 条形码 | 馆藏地/架位号 | 状态 | 备注 |
| 1 | 1629436 | 216294365 | 自科库301/301自科库 36排3列4层/ [索取号:TN911.73/Y294] | 在馆 |